[Event "13. Lovsprings EMT Mesterklassen 2002"]
[Site "Ringsted"]
[Date "2002.04.12"]
[Round "5"]
[White "Pedersen, Hans Dahl"]
[Black "Abildlund, Jens"]
[Result "0-1"]
[WhiteElo "2120"]
[BlackElo "2091"]
[PlyCount "72"]
[EventDate "2002.??.??"]

1. c4 Nf6 2. g3 g6 3. Bg2 Bg7 4. Nc3 O-O 5. d3 c5 6. a3 Nc6 7. Rb1 e6 8. h4 d5
9. b3 b6 10. Bg5 h6 11. Bd2 Bb7 12. Nh3 Qd7 13. Qc1 d4 14. Na4 Ne7 15. Bxb7
Qxb7 16. O-O Ng4 17. b4 Qc6 18. Qc2 cxb4 19. axb4 e5 20. b5 Qe6 21. c5 Nd5 22.
Qb3 Rfd8 23. Rbe1 Bf8 24. c6 Bd6 25. Nb2 Rdc8 26. Nc4 Bc5 27. Qb1 a6 28. bxa6
Rxa6 29. Kg2 Qxc6 30. f3 b5 31. Na5 Nge3+ 32. Kg1 Qb6 33. Nc4 bxc4 34. dxc4
Qxb1 35. Rxb1 Nxf1 36. Kxf1 Ne3+ 0-1

[Event "13. Lovsprings EMT Mesterklassen 2002"]
[Site "Ringsted"]
[Date "2002.04.12"]
[Round "5"]
[White "Christensen, Bo Garner"]
[Black "Askgaard, Jens"]
[Result "1-0"]
[WhiteElo "2161"]
[BlackElo "2097"]
[PlyCount "71"]
[EventDate "2002.??.??"]

1. e4 e6 2. Nf3 d5 3. e5 c5 4. b4 c4 5. a3 a5 6. b5 Qb6 7. d3 Qxb5 8. dxc4 dxc4
9. Nbd2 Nd7 10. Nxc4 Qd5 11. Bd3 Bc5 12. Rb1 Ne7 13. Qe2 Qc6 14. Be3 Nd5 15.
Bxc5 Qxc5 16. Qe4 Nc3 17. Qf4 Nxb1 18. Nd6+ Kd8 19. Nxf7+ Kc7 20. Nxh8 Nxa3 21.
O-O b6 22. Nf7 Bb7 23. N7g5 Bd5 24. c4 Nxc4 25. Bxc4 Rf8 26. Qg4 Qxc4 27. Qxc4+
Bxc4 28. Rc1 b5 29. Nxe6+ Kb6 30. Nxf8 Nxf8 31. Nd2 Bd5 32. f4 Ng6 33. g3 a4
34. Kf2 b4 35. Ke3 a3 36. Kd4 1-0

[Event "13. Lovsprings EMT Mesterklassen 2002"]
[Site "Ringsted"]
[Date "2002.04.12"]
[Round "5"]
[White "Krogh, Peter Ove"]
[Black "Aage, Bjarke Gadgaard"]
[Result "1-0"]
[WhiteElo "1925"]
[BlackElo "2065"]
[PlyCount "103"]
[EventDate "2002.??.??"]

1. c4 c6 2. Nc3 d5 3. e3 Nf6 4. Nf3 Bg4 5. Qb3 b6 6. Ne5 e6 7. d4 Bd6 8. Nxg4
Nxg4 9. g3 Qf6 10. f4 g5 11. cxd5 gxf4 12. Ne4 Qe7 13. dxe6 fxg3 14. hxg3 Bb4+
15. Bd2 Bxd2+ 16. Kxd2 fxe6 17. Bc4 e5 18. d5 Nd7 19. dxc6 Ndf6 20. Nxf6+ Nxf6
21. Kc2 O-O-O 22. Rad1 Ne4 23. Rd7 Qc5 24. Qb5 Rxd7 25. cxd7+ Kc7 26. Rh5 Qxb5
27. Bxb5 Nxg3 28. Rxe5 Rd8 29. Rg5 Ne4 30. Rh5 Rh8 31. Rh6 Nd6 32. Bd3 Kxd7 33.
Rxh7+ Rxh7 34. Bxh7 Ke6 35. Bd3 Kd5 36. Kc3 Kc5 37. b4+ Kd5 38. a4 a5 39. Kb3
Ke5 40. Kc3 Nb7 41. Bb5 Nd6 42. Bc6 Nf7 43. bxa5 bxa5 44. Kc4 Nd6+ 45. Kc5 Ke6
46. e4 Ke5 47. Kb6 Nc4+ 48. Kb5 Kd4 49. Bd5 Nd6+ 50. Kxa5 Kc5 51. e5 Nf5 52.
Bb7 1-0

[Event "13. Lovsprings EMT Mesterklassen 2002"]
[Site "Ringsted"]
[Date "2002.04.12"]
[Round "5"]
[White "Christensen, Henrik"]
[Black "Eddy, Samuel"]
[Result "0-1"]
[WhiteElo "1966"]
[BlackElo "1959"]
[PlyCount "68"]
[EventDate "2002.??.??"]

1. d4 f5 2. g3 g6 3. Bg2 Bg7 4. Nf3 d6 5. h4 h6 6. c3 Nf6 7. b3 O-O 8. Bb2 Qe8
9. Qc2 e5 10. dxe5 dxe5 11. e3 f4 12. Nbd2 fxe3 13. fxe3 Ng4 14. Nf1 e4 15.
N3d2 Nf2 16. Bxe4 Nxh1 17. Bxh1 Bg4 18. Qe4 Qd7 19. Qxb7 Kh7 20. Nh2 Be5 21.
Nxg4 Qxg4 22. Bf3 Qxg3+ 23. Ke2 Nd7 24. Rf1 Rad8 25. Qc6 Rf6 26. Qd5 c6 27. Qc4
Nb6 28. Qc5 Qh2+ 29. Rf2 Rxd2+ 30. Kxd2 Qxf2+ 31. Kd3 Rd6+ 32. Ke4 Qxh4+ 33.
Kxe5 Nd7+ 34. Kxd6 Nxc5 0-1

[Event "13. Lovsprings EMT Mesterklassen 2002"]
[Site "Ringsted"]
[Date "2002.04.26"]
[Round "5"]
[White "Haar, Bjarne"]
[Black "Jensen, Leif"]
[Result "1/2-1/2"]
[WhiteElo "2006"]
[BlackElo "2078"]
[PlyCount "25"]
[EventDate "2002.??.??"]

1. e4 e6 2. d4 d5 3. exd5 exd5 4. Bf4 Nf6 5. Bd3 Be7 6. Nf3 c6 7. Nbd2 Qb6 8.
Nb3 O-O 9. O-O Re8 10. Re1 Bg4 11. h3 Bh5 12. c3 Nbd7 13. Qc2 1/2-1/2

[Event "13. Lovsprings EMT Mesterklassen 2002"]
[Site "Ringsted"]
[Date "2002.04.19"]
[Round "6"]
[White "Nielsen, Max"]
[Black "Pedersen, Hans Dahl"]
[Result "0-1"]
[WhiteElo "2201"]
[BlackElo "2120"]
[PlyCount "130"]
[EventDate "2002.??.??"]

1. e4 c6 2. c4 d5 3. exd5 cxd5 4. cxd5 Qxd5 5. Nc3 Qd6 6. d4 Nf6 7. Nf3 e6 8.
Be3 Nc6 9. a3 Be7 10. Bd3 O-O 11. O-O Rd8 12. Qe2 Bd7 13. Rad1 Be8 14. Bb1 Rac8
15. Rfe1 h6 16. Qd2 Bf8 17. Bf4 Qd7 18. Qc2 g6 19. Ba2 b5 20. Ne5 Nxe5 21. dxe5
Nd5 22. Qb3 Rxc3 23. bxc3 Qc8 24. Be3 Qb8 25. Bd4 Bc6 26. a4 a6 27. axb5 axb5
28. c4 Nf4 29. cxb5 Bd5 30. Qg3 Nh5 31. Qe3 Bxa2 32. b6 Bd5 33. Bc5 Bxc5 34.
Qxc5 Qb7 35. f3 Rc8 36. Qb4 Rc4 37. Qa5 Nf4 38. Rd2 Bxf3 39. Qa7 Bxg2 40. Qxb7
Bxb7 41. Rd7 Nh3+ 42. Kf1 Rc2 43. Ra1 Bg2+ 44. Ke1 Bf3 45. Rd3 Re2+ 46. Kf1
Rxh2 47. Rxf3 Rh1+ 48. Kg2 Rxa1 49. Rb3 Ra8 50. Kxh3 Rb8 51. Kg4 Kg7 52. Kf4 f6
53. Ke4 g5 54. Kd4 Kg6 55. exf6 Kxf6 56. Kc5 g4 57. Kc6 h5 58. Kc7 Rxb6 59.
Rxb6 h4 60. Kd6 h3 61. Rb8 h2 62. Rf8+ Kg7 63. Rf1 g3 64. Rf3 h1=Q 65. Rxg3+
Kf6 0-1

[Event "13. Lovsprings EMT Mesterklassen 2002"]
[Site "Ringsted"]
[Date "2002.04.19"]
[Round "6"]
[White "Christensen, Henrik"]
[Black "Haar, Bjarne"]
[Result "0-1"]
[WhiteElo "1966"]
[BlackElo "2006"]
[PlyCount "124"]
[EventDate "2002.??.??"]

1. d4 f5 2. Nf3 Nf6 3. c4 e6 4. Nc3 Be7 5. d5 d6 6. dxe6 Bxe6 7. e3 Nc6 8. Nd4
Nxd4 9. exd4 d5 10. cxd5 Nxd5 11. Be2 O-O 12. O-O Bd6 13. Bf3 c6 14. Nxd5 cxd5
15. Re1 Qd7 16. Bd2 Rac8 17. Qb3 Rc4 18. Rac1 Rfc8 19. Rxc4 Rxc4 20. g3 b6 21.
Qe3 Bf7 22. Bc3 f4 23. Qe2 b5 24. a3 Bxa3 25. bxa3 Rxc3 26. Qe5 fxg3 27. hxg3
h6 28. Re3 Rc4 29. Be2 Rc8 30. Kg2 a5 31. Rb3 b4 32. Qf4 Qa4 33. Rf3 Bg6 34.
Qg4 Qc2 35. Re3 Be4+ 36. Kh2 Rf8 37. Qe6+ Kh8 38. f4 Qc1 39. Rxe4 dxe4 40. Qxe4
Qb2 41. Kh3 Qb3 42. Bd3 Qg8 43. axb4 axb4 44. d5 Rd8 45. Qxb4 Qxd5 46. Be2 h5
47. Kh4 g5+ 48. Kxh5 g4+ 49. Kh4 Qh1+ 50. Kxg4 Rg8+ 51. Kf5 Qh7+ 52. Ke5 Re8+
53. Kf6 Qh6+ 54. Kf5 Qe6+ 55. Kg5 Qxe2 56. Qd4+ Kh7 57. Qd7+ Qe7+ 58. Qxe7+
Rxe7 59. g4 Kg7 60. f5 Re1 61. Kf4 Ra1 62. g5 Rg1 0-1

[Event "13. Lovsprings EMT Mesterklassen 2002"]
[Site "Ringsted"]
[Date "2002.04.19"]
[Round "6"]
[White "Jorgensen, Brian Jorgen"]
[Black "Askgaard, Jens"]
[Result "1/2-1/2"]
[WhiteElo "2214"]
[BlackElo "2097"]
[PlyCount "112"]
[EventDate "2002.??.??"]

1. e4 e6 2. d4 d5 3. Nc3 Nf6 4. Bg5 dxe4 5. Nxe4 Be7 6. Bxf6 gxf6 7. Nf3 b6 8.
Bd3 Bb7 9. Qe2 c6 10. O-O Nd7 11. a4 Qc7 12. a5 c5 13. axb6 axb6 14. dxc5 Nxc5
15. Nxc5 Qxc5 16. Be4 Bxe4 17. Qxe4 Rxa1 18. Rxa1 O-O 19. c3 Qc7 20. h3 f5 21.
Qc2 Rd8 22. Rd1 Bf6 23. Rxd8+ Qxd8 24. Qd2 Qc7 25. Qd3 Qc5 26. Nd2 Kg7 27. Qg3+
Kf8 28. Qe3 Qxe3 29. fxe3 Ke8 30. Nc4 Bd8 31. Kf2 Bc7 32. Ke2 Kd7 33. Na3 Kc6
34. Kd3 Kd5 35. Nb5 Bg3 36. Nd4 h6 37. b4 Be5 38. Nb5 Bg3 39. Na3 e5 40. c4+
Ke6 41. Nc2 e4+ 42. Kc3 Be5+ 43. Nd4+ Kd6 44. g3 h5 45. Kd2 Bxd4 46. exd4 Kc6
47. Ke3 Kd6 48. Kf4 Kc6 49. Ke3 Kd6 50. b5 Kc7 51. c5 bxc5 52. dxc5 Kb7 53. Kd4
Kc7 54. h4 Kb7 55. c6+ Kb6 56. Kc4 Kc7 1/2-1/2

[Event "13. Lovsprings EMT Mesterklassen 2002"]
[Site "Ringsted"]
[Date "2002.04.19"]
[Round "6"]
[White "Holst, Peter Stein"]
[Black "Krogh, Peter Ove"]
[Result "0-1"]
[WhiteElo "1918"]
[BlackElo "1925"]
[PlyCount "112"]
[EventDate "2002.??.??"]

1. e4 c5 2. Nf3 Nc6 3. d4 cxd4 4. Nxd4 e6 5. Nc3 a6 6. Nb3 b5 7. Be3 Nf6 8. f3
Qc7 9. Qd2 Bb7 10. Nc5 Rd8 11. Nxb7 Qxb7 12. Bd3 Bb4 13. a3 Be7 14. O-O O-O 15.
Qe2 d5 16. exd5 exd5 17. Bf2 Rfe8 18. Qd2 Ne5 19. Rae1 Nc4 20. Bxc4 bxc4 21.
Nd1 Qc6 22. Bd4 Bc5 23. Kh1 Bxd4 24. Qxd4 h6 25. Nc3 Rxe1 26. Rxe1 Rd7 27. h3
Qb7 28. Nd1 Qc7 29. Re5 Qa7 30. c3 Qxd4 31. cxd4 Rb7 32. Re2 Kf8 33. Kg1 Re7
34. Rxe7 Kxe7 35. Ne3 Ke6 36. Kf2 Nh5 37. Ke2 Nf4+ 38. Kd2 g5 39. Kd1 h5 40.
Kd2 f5 41. Kc3 Ne2+ 42. Kb4 Nxd4 43. Ka5 f4 44. Nd1 Kd6 45. Kxa6 Kc6 46. Nc3
Nb3 47. Nxd5 Nc5+ 48. Ka5 Kxd5 49. Kb5 Nd3 50. a4 Nxb2 51. a5 Kd6 52. a6 Kc7
53. a7 Kb7 54. a8=Q+ Kxa8 55. Kb4 Kb7 56. Kc3 Nd3 0-1

[Event "13. Lovsprings EMT Mesterklassen 2002"]
[Site "Ringsted"]
[Date "2002.04.19"]
[Round "6"]
[White "Eddy, Samuel"]
[Black "Jorgensen, Brian"]
[Result "0-1"]
[WhiteElo "1959"]
[BlackElo "2168"]
[PlyCount "82"]
[EventDate "2002.??.??"]

1. f4 g6 2. g3 Bg7 3. Bg2 c5 4. d3 d5 5. Nf3 Nf6 6. O-O Nc6 7. h3 O-O 8. Qe1 d4
9. Na3 Be6 10. g4 Bd5 11. f5 Nd7 12. Ng5 Bxg2 13. Kxg2 Nf6 14. Qh4 Qd5+ 15. Kg1
Ne5 16. Nc4 Nxc4 17. dxc4 Qxc4 18. fxg6 fxg6 19. Rxf6 Rxf6 20. Qxh7+ Kf8 21.
Ne4 Qf7 22. Bh6 Bxh6 23. Qxh6+ Qg7 24. Qxg7+ Kxg7 25. Nxf6 exf6 26. Kf2 Rh8 27.
Kg3 Re8 28. Re1 Re3+ 29. Kg2 g5 30. Kh2 b5 31. Kg2 a5 32. b3 Rc3 33. Rc1 Kf7
34. Kh2 Ke6 35. Kg2 Ke5 36. a3 a4 37. bxa4 bxa4 38. Rf1 Rxc2 39. Rf5+ Ke6 40.
Kf3 Rc3+ 41. Ke4 Re3# 0-1

[Event "13. Lovsprings EMT Mesterklassen 2002"]
[Site "Ringsted"]
[Date "2002.04.19"]
[Round "6"]
[White "Abildlund, Jens"]
[Black "Christensen, Bo Garner"]
[Result "0-1"]
[WhiteElo "2091"]
[BlackElo "2161"]
[PlyCount "78"]
[EventDate "2002.??.??"]

1. d4 Nf6 2. Nf3 g6 3. c4 Bg7 4. Nc3 O-O 5. e4 d6 6. Be2 e5 7. O-O Nc6 8. d5
Ne7 9. Ne1 Nd7 10. Nd3 f5 11. Bd2 Nf6 12. f3 f4 13. c5 g5 14. cxd6 cxd6 15. Nf2
Ng6 16. a4 h5 17. h3 Rf7 18. Nb5 Bf8 19. Qc2 g4 20. hxg4 hxg4 21. fxg4 Nh7 22.
Rfc1 Bd7 23. Ra3 a6 24. Nc7 Rc8 25. Ba5 Ng5 26. Rc3 Qf6 27. Qb3 f3 28. Bxf3 Nf4
29. Bb6 Qh6 30. Be3 Nxf3+ 31. gxf3 Ne2+ 32. Kf1 Nxc1 33. Bxc1 Qh2 34. Qxb7 Be7
35. f4 Bh4 36. Qb6 Bxg4 37. Be3 Bxf2 38. Bxf2 Rxf4 39. Rg3 Qxg3 0-1

[Event "13. Lovsprings EMT Mesterklassen 2002"]
[Site "Ringsted"]
[Date "2002.04.19"]
[Round "6"]
[White "Jensen, Leif"]
[Black "Aage, Bjarke Gadgaard"]
[Result "1/2-1/2"]
[WhiteElo "2078"]
[BlackElo "2065"]
[PlyCount "56"]
[EventDate "2002.??.??"]

1. e4 Nf6 2. Nc3 d5 3. exd5 Nxd5 4. Nxd5 Qxd5 5. Qf3 Qc5 6. c3 e5 7. Qe3 Be6 8.
Nf3 Qxe3+ 9. fxe3 Nd7 10. d4 Bd6 11. e4 c6 12. Be3 f6 13. b3 a5 14. Bc4 exd4
15. cxd4 Bb4+ 16. Kf2 Ke7 17. a3 Bd6 18. Rhd1 Rhd8 19. Bxe6 Kxe6 20. d5+ cxd5
21. Rxd5 Ne5 22. Bb6 Rdc8 23. Nd4+ Kd7 24. Nb5 Rc6 25. Bc7 Nf7 26. Bxd6 Nxd6
27. Rad1 Raa6 28. Ke3 Ke7 1/2-1/2

[Event "13. Lovsprings EMT Mesterklassen 2002"]
[Site "Ringsted"]
[Date "2002.05.03"]
[Round "7"]
[White "Jensen, Leif"]
[Black "Jorgensen, Brian Jorgen"]
[Result "0-1"]
[WhiteElo "2078"]
[BlackElo "2214"]
[PlyCount "134"]
[EventDate "2002.??.??"]

1. e4 c5 2. g3 d5 3. exd5 Qxd5 4. Qf3 Qe6+ 5. Qe3 Qc6 6. Nf3 Nf6 7. Nc3 a6 8.
Bg2 e6 9. O-O Be7 10. d4 cxd4 11. Nxd4 Qc7 12. Qe2 Bd7 13. Bf4 Qb6 14. Nb3 Bc6
15. Be3 Qc7 16. Bf4 Qb6 17. Be3 Qc7 18. Bf4 Bd6 19. Bxd6 Qxd6 20. Rad1 Qc7 21.
Rfe1 Bxg2 22. Kxg2 O-O 23. a3 Nbd7 24. Kg1 Rac8 25. Nd4 Nb6 26. Ne4 Nxe4 27.
Qxe4 Nc4 28. Rd3 b5 29. Rc3 Qb6 30. Nf3 h6 31. Rb1 Rfd8 32. Rd3 Rxd3 33. Qxd3
Rd8 34. Qe2 Qd6 35. a4 Qd5 36. axb5 axb5 37. b3 Na3 38. Rc1 b4 39. Re1 Nxc2 40.
Qxc2 Qxf3 41. Qc4 Rd2 42. Rf1 Rb2 43. Qxb4 Rxb3 44. Qc4 Rb2 45. Qd4 Re2 46. Qa7
e5 47. Qb8+ Kh7 48. Qb1+ e4 49. Qb7 Kg6 50. Qd5 f5 51. h3 Kh7 52. Qc6 h5 53.
Qd5 Rc2 54. Qe5 Rd2 55. Qe8 Re2 56. Qc6 h4 57. gxh4 Qxh3 58. Qb5 Qg4+ 59. Kh1
Qxh4+ 60. Kg1 Qg4+ 61. Kh1 Qf3+ 62. Kg1 e3 63. Qb6 Rxf2 64. Rxf2 Qxf2+ 65. Kh1
Qf3+ 66. Kh2 Qh5+ 67. Kg2 Qg6+ 0-1

[Event "13. Lovsprings EMT Mesterklassen 2002"]
[Site "Ringsted"]
[Date "2002.05.03"]
[Round "7"]
[White "Christensen, Henrik"]
[Black "Krogh, Peter Ove"]
[Result "1/2-1/2"]
[WhiteElo "1966"]
[BlackElo "1925"]
[PlyCount "111"]
[EventDate "2002.??.??"]

1. d4 Nf6 2. Nf3 b6 3. c4 e6 4. Nc3 Bb4 5. e3 Bb7 6. Bd3 Ne4 7. Qc2 f5 8. a3
Bxc3+ 9. bxc3 d6 10. Bb2 Nd7 11. d5 exd5 12. cxd5 Ndc5 13. Bb5+ Kf8 14. Bc4 g6
15. h4 Qe7 16. O-O-O a6 17. Nd4 b5 18. Ba2 Na4 19. Ba1 Ke8 20. h5 Kd7 21. g4
fxg4 22. Ne6 Nac5 23. hxg6 hxg6 24. Nxc5+ dxc5 25. c4 Rxh1 26. Rxh1 Rf8 27. Rf1
g3 28. f4 Nf2 29. Kd2 Qe4 30. Qxe4 Nxe4+ 31. Kd3 Re8 32. Rg1 c6 33. Be5 cxd5
34. cxd5 Nf2+ 35. Ke2 c4 36. Rxg3 Nd3 37. Rxg6 Nc1+ 38. Kd2 Nxa2 39. Rg7+ Re7
40. Rxe7+ Kxe7 41. e4 a5 42. Bc7 b4 43. Bxa5 b3 44. Bb4+ Nxb4 45. axb4 Kd6 46.
Kc3 Ba6 47. Kb2 Bc8 48. f5 Ke5 49. b5 Bb7 50. Kc3 Ba8 51. b6 Bb7 52. Kb2 Bc8
53. Kc3 Ba6 54. Kb2 Bc8 55. Kc3 Bb7 56. Kb2 1/2-1/2

[Event "13. Lovsprings EMT Mesterklassen 2002"]
[Site "Ringsted"]
[Date "2002.05.03"]
[Round "7"]
[White "Jorgensen, Brian"]
[Black "Askgaard, Jens"]
[Result "1-0"]
[WhiteElo "2168"]
[BlackElo "2097"]
[PlyCount "87"]
[EventDate "2002.??.??"]

1. Nf3 d5 2. g3 c6 3. Bg2 Bg4 4. O-O Nd7 5. d3 Ngf6 6. Nbd2 e6 7. b3 Bc5 8. Bb2
O-O 9. h3 Bh5 10. Qe1 Qc7 11. Kh1 Rfe8 12. e4 dxe4 13. dxe4 e5 14. Nc4 Bf8 15.
Nfd2 a5 16. a4 Nc5 17. f4 exf4 18. gxf4 Nfd7 19. Qf2 f6 20. Rae1 Bf7 21. Ne3
Rad8 22. Nf5 Bg6 23. Nd4 Bf7 24. Nf5 Rc8 25. Qg3 Kh8 26. Bf3 Ne6 27. Be2 g6 28.
Ne3 g5 29. Ng4 Bg7 30. e5 f5 31. fxg5 Nxg5 32. Rxf5 Bd5+ 33. Kg1 Ne4 34. Nxe4
Bxe4 35. Rf7 Rg8 36. Bd3 Bd5 37. Qh4 Nf8 38. Ref1 Bxf7 39. Ba3 Bg6 40. Bxf8
Rcxf8 41. Bxg6 Bxe5 42. Nxe5 Rxf1+ 43. Kxf1 Qxe5 44. Qxh7# 1-0

[Event "13. Lovsprings EMT Mesterklassen 2002"]
[Site "Ringsted"]
[Date "2002.05.03"]
[Round "7"]
[White "Pedersen, Hans Dahl"]
[Black "Christensen, Bo Garner"]
[Result "0-1"]
[WhiteElo "2120"]
[BlackElo "2161"]
[PlyCount "88"]
[EventDate "2002.??.??"]

1. c4 e5 2. g3 Nc6 3. Bg2 Nf6 4. Nf3 d5 5. cxd5 Nxd5 6. O-O Be6 7. d3 Be7 8. a3
O-O 9. b4 Bf6 10. e4 Nb6 11. Bb2 a6 12. Qc2 Qd7 13. Nc3 Rfd8 14. Rad1 a5 15. b5
Nd4 16. Nxd4 exd4 17. Na4 Qxb5 18. Nc5 Bc8 19. Rb1 Qe8 20. Bc1 Ra7 21. Bf4 Be5
22. Bg5 Rd6 23. Qd1 Rc6 24. Na4 Nd7 25. f4 Rg6 26. Bh4 Bf6 27. f5 Rh6 28. Bxf6
Rxf6 29. Rc1 Qe5 30. Rf2 b5 31. Nb2 c5 32. Qb3 Ba6 33. a4 Rb6 34. axb5 Bxb5 35.
Rfc2 a4 36. Qa3 h5 37. Nd1 Bc6 38. Rb2 Rab7 39. Rcb1 Qb8 40. Rxb6 Rxb6 41. Rxb6
Qxb6 42. Bf3 Qb4 43. Qc1 Ne5 44. Bxh5 Nxd3 0-1

[Event "13. Lovsprings EMT Mesterklassen 2002"]
[Site "Ringsted"]
[Date "2002.05.03"]
[Round "7"]
[White "Nielsen, Max"]
[Black "Abildlund, Jens"]
[Result "1-0"]
[WhiteElo "2201"]
[BlackElo "2091"]
[PlyCount "47"]
[EventDate "2002.??.??"]

1. e4 e6 2. d4 b6 3. Nc3 Bb7 4. Nf3 Nf6 5. Bd3 Bb4 6. Bg5 h6 7. Bxf6 Qxf6 8.
O-O Bxc3 9. bxc3 d6 10. Nd2 e5 11. f4 Qe7 12. Qg4 O-O 13. fxe5 dxe5 14. Rf3 Nc6
15. Rg3 f6 16. Nf3 Na5 17. Nh4 Bc8 18. Qh5 Rd8 19. Qxh6 Rd6 20. Qh5 g5 21. dxe5
Qxe5 22. Ng6 Qe8 23. e5 Rxd3 24. cxd3 1-0

[Event "13. Lovsprings EMT Mesterklassen 2002"]
[Site "Ringsted"]
[Date "2002.05.03"]
[Round "7"]
[White "Aage, Bjarke Gadgaard"]
[Black "Holst, Peter Stein"]
[Result "1/2-1/2"]
[WhiteElo "2065"]
[BlackElo "1918"]
[PlyCount "58"]
[EventDate "2002.??.??"]

1. e4 d5 2. exd5 Qxd5 3. Nc3 Qa5 4. Nf3 Nf6 5. d4 c6 6. Bc4 Bf5 7. O-O e6 8.
Re1 Bb4 9. Re5 Qc7 10. Qe2 O-O 11. Nh4 Bg6 12. Nxg6 hxg6 13. Ne4 Nbd7 14. Nxf6+
gxf6 15. Re3 Kg7 16. h4 Rh8 17. Rh3 Rh7 18. h5 Rxh5 19. Rxh5 gxh5 20. Qf3 Rh8
21. Bf4 Qb6 22. Bb3 Be7 23. Qg3+ Kf8 24. c4 c5 25. Bc7 Qa6 26. Rd1 cxd4 27.
Rxd4 Qc6 28. Bd6 Nc5 29. Bxe7+ Kxe7 1/2-1/2

[Event "13. Lovsprings EMT Mesterklassen 2002"]
[Site "Ringsted"]
[Date "2002.05.03"]
[Round "7"]
[White "Eddy, Samuel"]
[Black "Haar, Bjarne"]
[Result "0-1"]
[WhiteElo "1959"]
[BlackElo "2006"]
[PlyCount "62"]
[EventDate "2002.??.??"]

1. f4 d5 2. g3 Nf6 3. Bg2 Bf5 4. Nf3 c6 5. O-O Qc8 6. Re1 Bh3 7. Bh1 e6 8. d3
Bc5+ 9. e3 h6 10. Ne5 Nbd7 11. d4 Be7 12. Bf3 h5 13. Nc3 Nxe5 14. fxe5 Ng4 15.
Qe2 f5 16. Bxg4 Bxg4 17. Qg2 h4 18. h3 Bh5 19. g4 Bf7 20. Ne2 Qd7 21. Nf4 g5
22. Nd3 O-O-O 23. Nf2 Bg6 24. Bd2 fxg4 25. Nxg4 Bxc2 26. Ba5 Be4 27. Qd2 Rdf8
28. Bb4 Rf3 29. Kh2 Bxb4 30. Qxb4 Rhf8 31. Nf6 R8xf6 0-1